Salud laboral y condición de fábrica durante el franquismo: (Registro nro. 79)

Detalles MARC
000 -LEADER
campo de control de longitud fija 00935nam a22002177a 4500
001 - NÚMERO DE CONTROL
campo de control EIF-III-1998-M3-004
003 - IDENTIFICADOR DE NÚMERO DE CONTROL
campo de control OSt
005 - FECHA Y HORA DE LA ÚLTIMA TRANSACCIÓN
campo de control 20230109152904.0
008 - DATOS DE LONGITUD FIJA--INFORMACIÓN GENERAL
campo de control de longitud fija 221102b |||||||| |||| 00| 0 eng d
040 ## - FUENTE DE CATALOGACIÓN
Centro catalogador/agencia de origen Fundación Jesús Pereda
Centro/agencia transcriptor Fundación Jesús Pereda
041 ## - CÓDIGO DE IDIOMA
Código de lengua del texto/banda sonora o título independiente Castellano
100 ## - ENTRADA PRINCIPAL--NOMBRE DE PERSONA
Filiación Fundació D´Estudis e Iniciatives Sociolaborals (FEIS)
Nombre de persona Álamo Andrés, Manuel del
9 (RLIN) 154
111 ## - ENTRADA PRINCIPAL--NOMBRE DE CONGRESO/REUNIÓN
9 (RLIN) 94
Nombre de congreso/reunión o jurisdicción como elemento de entrada Encuentro de Investigadores del Franquismo
Sede del congreso/Lugar de la reunión (Sevilla.
Fecha del congreso o de la firma del tratado 1998.
Número del congreso/reunión o número de parte o sección 3º)
245 ## - MENCIÓN DEL TÍTULO
Título Salud laboral y condición de fábrica durante el franquismo:
Resto del título Devis-Macosa,
Fechas extremas/inclusivas 1941-1958
Mención de responsabilidad, etc. /Manuel del Álamo Andrés
650 #0 - PUNTO DE ACCESO ADICIONAL DE MATERIA--TÉRMINO DE MATERIA
9 (RLIN) 123
Término de materia o nombre geográfico como elemento de entrada Primer franquismo
650 #0 - PUNTO DE ACCESO ADICIONAL DE MATERIA--TÉRMINO DE MATERIA
9 (RLIN) 122
Término de materia o nombre geográfico como elemento de entrada Clase obrera
650 #0 - PUNTO DE ACCESO ADICIONAL DE MATERIA--TÉRMINO DE MATERIA
9 (RLIN) 223
Término de materia o nombre geográfico como elemento de entrada Situación laboral
773 ## - ASIENTO DE ITEM FUENTE
Título <a href="Actas del III Encuentro de Investigadores del Franquismo">Actas del III Encuentro de Investigadores del Franquismo</a>
Parte(s) relacionada(s) 242-255 p.
856 ## - LOCALIZACIÓN Y ACCESO ELECTRÓNICOS
Identificador Uniforme de Recursos <a href="https://bibliotecaccoocyl.fundacionjesuspereda.es/cgi-bin/koha/opac-retrieve-file.pl?id=909cdcf338b3c29cf157a3cd3ed3ea57">https://bibliotecaccoocyl.fundacionjesuspereda.es/cgi-bin/koha/opac-retrieve-file.pl?id=909cdcf338b3c29cf157a3cd3ed3ea57</a>
942 ## - ELEMENTOS DE ENTRADA SECUNDARIOS (KOHA)
Fuente del sistema de clasificación o colocación Clasificación Decimal Dewey
Tipo de ítem Koha Archivo de computadora
Suprimir en OPAC No

No hay ítems disponibles.

Página web subvencionada totalmente por la Consejería de Cultura y Turismo de la Junta de Castilla y León

Con tecnología Koha